1833 1372 1368 1427 1216 1852 1772 1739 1425 1715 1252 1159 1882 1765 1748 1655 1561 1259 1095 1368 1782 1408 1317 1007 1363 1612 1539 1660 1265 1085 1741 1593 1768 1230 1539 1174 1818 1873 1729 1877 1603 1707 1259 1562 1792 1537 1387 1834 1983 1018 1663 1841 1775 1615 1593 1595 1980 1338 1670 1764 1548 1995 1431 1090 1893 1935 1301 1035 1488 1580 1142 1278 1478 1361 1517 1609 1426 2000 1431 1271 1199 1879 1982 1578 1565 1552 1333 1830 1447 1958 1316 1029 1169 1601 1120 1924 1078 1820 1716 BCNSPRNW ULIB Ver.6.0+V

เปลี่ยนเป็นภาษาไทย

Change to English
 แสดงรายละเอียดบรรณานุกรม
  กลับหน้าหลัก

Brief Record : Get Marc (ISO 2709) : E-mail record : QR code < ปิดหน้าต่าง
LEADER : 00000nam 2200000uu 4500
001    13399125681
003     ULIB
008    170714s2558||||th 000 0 tha d
020    ^a9786169252504
060  0 ^aHV636^bค695^c2558
110 1  ^aสมาคมดับเพลิงและช่วยชีวิต
245 00 ^aคู่มือการดับไฟ กู้ภัย กู้ชีพ FARA
260    ^aกรุงเทพฯ :^bสมาคมดับเพลิงและช่วยชีวิต; 2558
300    ^aไม่ปรากฎจำนวนหน้า
650  4 ^aวาตภัย
650  4 ^aกู้ภัย-- กุู้ชีพ
650  4 ^aการดับไฟ
710 1  ^aสมาคมดับเพลิงและช่วยชีวิต
945    ^p150^l0^i002671
945    ^p150^l0^i002672
945    ^p150^l0^i002673
945    ^p150^l0^i002674
945    ^p150^l0^i002675
999    ^aประนอม เกษจรัล
รายการนี้ยังไม่มีแท็ก
คุณยังไม่ได้ล็อกอิน คุณสามารถมีกิจกรรมร่วมกับเว็บไซต์ได้ แต่ต้องล็อกอินก่อน ::
  ล็อกอิน

รายการสื่อสารสนเทศ

ลำดับที่ ประเภท เลขเรียก/บาร์โค้ด สถานที่ สถานะ
1. วิทยาศาสตร์การแพทย์ และสุขภาพ
วิทยาศาสตร์การแพทย์ และสุขภาพ
HV636 ค695 2558 ฉ.1 
  Barcode: 002671
ห้องสมุดวิทยาเขตสวรรค์ประชารักษ์
►หนังสือทั่วไป
บนชั้น
2. วิทยาศาสตร์การแพทย์ และสุขภาพ
วิทยาศาสตร์การแพทย์ และสุขภาพ
HV636 ค695 2558 ฉ.2 
  Barcode: 002672
ห้องสมุดวิทยาเขตสวรรค์ประชารักษ์
►หนังสือทั่วไป
บนชั้น
3. วิทยาศาสตร์การแพทย์ และสุขภาพ
วิทยาศาสตร์การแพทย์ และสุขภาพ
HV636 ค695 2558 ฉ.3 
  Barcode: 002673
ห้องสมุดวิทยาเขตสวรรค์ประชารักษ์
►หนังสือทั่วไป
บนชั้น
4. วิทยาศาสตร์การแพทย์ และสุขภาพ
วิทยาศาสตร์การแพทย์ และสุขภาพ
HV636 ค695 2558 ฉ.4 
  Barcode: 002674
ห้องสมุดวิทยาเขตสวรรค์ประชารักษ์
►หนังสือทั่วไป
บนชั้น
5. วิทยาศาสตร์การแพทย์ และสุขภาพ
วิทยาศาสตร์การแพทย์ และสุขภาพ
HV636 ค695 2558 ฉ.5 
  Barcode: 002675
ห้องสมุดวิทยาเขตสวรรค์ประชารักษ์
►หนังสือทั่วไป
บนชั้น

รายการใกล้เคียง
    ชื่อเรื่อง [คู่มือการดับไฟ กู้ภัย กู้ชีพ FARA]

    หัวเรื่อง [วาตภัย]
    หัวเรื่อง [กู้ภัย-- กุู้ชีพ]
    หัวเรื่อง [การดับไฟ]

BibComment


ยังไม่เคยถูกคอมเมนท์

คอมเมนท์ทรัพยากรรายการนี้
  คอมเมนท์: คู่มือการดับไฟ ก..


 Copyright 2026. Bcnsprnw @Library